Le guide Paris Révolution / (Record no. 173935)

MARC details
000 -LEADER
campo de control de longitud fija 00719nam a2200217 i 4500
001 - NÚMERO DE CONTROL
campo de control 173935
003 - IDENTIFICADOR DE NÚMERO DE CONTROL
campo de control ES-MaACL
005 - FECHA Y HORA DE LA ÚLTIMA TRANSACCIÓN
campo de control 20231103062537.0
008 - DATOS DE LONGITUD FIJA--INFORMACIÓN GENERAL
campo de control de longitud fija 100129s1989 sz e |||| | fre d
020 ## - NÚMERO INTERNACIONAL ESTÁNDAR DEL LIBRO
Número Internacional Estándar del Libro 2-907679-12-0
080 ## - NÚMERO DE LA CLASIFICACIÓN DECIMAL UNIVERSAL
Número de la Clasificación Decimal Universal 913(443.61 P.)(036)
100 1# - ENTRADA PRINCIPAL--NOMBRE DE PERSONA
Nombre de persona Lepany, Régis.
9 (RLIN) 142079
245 13 - MENCIÓN DEL TÍTULO
Título Le guide Paris Révolution /
Mención de responsabilidad, etc. Régis Lepany.
260 ## - PUBLICACIÓN, DISTRIBUCIÓN, ETC.
Lugar de publicación, distribución, etc. Paris :
Nombre del editor, distribuidor, etc. Loysel,
Fecha de publicación, distribución, etc. [1989?]
300 ## - DESCRIPCIÓN FÍSICA
Extensión 36 p. :
Otras características físicas planos ;
Dimensiones 26 x 12 cm.
650 #4 - PUNTO DE ACCESO ADICIONAL DE MATERIA--TÉRMINO DE MATERIA
Término de materia o nombre geográfico como elemento de entrada Lugares históricos-
Subdivisión geográfica París.
9 (RLIN) 14712
651 #4 - PUNTO DE ACCESO ADICIONAL DE MATERIA--NOMBRE GEOGRÁFICO
Nombre geográfico París-
Subdivisión de forma Guías turísticas.
9 (RLIN) 9209
651 #4 - PUNTO DE ACCESO ADICIONAL DE MATERIA--NOMBRE GEOGRÁFICO
Nombre geográfico Francia-
Subdivisión general Historia-
Subdivisión cronológica 1789-1799, Revolución
9 (RLIN) 8685
852 4# - LOCALIZACIÓN
Ubicación BA
Número de control de estantería 2279-F-19 . -
Nota libre Biblioteca Jacinto Martínez Lacalle
Holdings
Estatus retirado Estado de pérdida Estado de daño No para préstamo Colección Biblioteca de origen Biblioteca actual Ubicación en estantería Fecha de adquisición Fuente de adquisición Total de préstamos Signatura topográfica completa Código de barras Visto por última vez Precio de reemplazo Tipo de ítem Koha
        Colección de folletos Biblioteca del Ateneo de Madrid Biblioteca del Ateneo de Madrid Depósito folletos 29/01/2010     2279-F-19 1182577 23/02/2023 23/02/2023 Folleto